00987cas a2200289 a 450000500170000000800410001702200140005804000350007204100130010704400070012024500770012724600610020424600720026526000600033730000340039731000060043150400420043754600370047965000490051665000460056565000120061165000100062365000100063365000240064365000150066765000150068220200104041753.0110331c19959999spaar1p rnn 0 a0mul d a0123-3068 aCO-BoPUJcCO-BoIAVHdCO-BoIAVH0 aspaaeng ack00aBoletín científicocUniversidad de Caldas. Museo de Historia Natural11aScientific Bulletin Museum Center Natural History Museum41aBoletín científico. Centro de Museos. Museo de Historia Natural aManizales (Colombia) : bUniversidad de Caldas,c1995-. bilustraciones : c24 x 17 cm. aa aIncluye referencias bibliográficas. aResumen en Español e Inglés.26aHistoria naturalvPublicaciones periódicas26aBiodiversidadvPublicaciones periódicas26aCiencia26aFlora26aFauna24aTaxonomía vegetal26aEcología26aZoología